Podział administracyjny Czech - Statystyki

Ogólne statystyki
  • Ten quiz został rozwiązany 84 razy
  • Średni wynik to 6 z 14
Statystyki odpowiedzi
Nazwa jednostki administracyjnej Nazwa % Poprawnych
Kraj Samorządowy Praga
97%
Kraj Samorządowy środkowoczeski
60%
Kraj Samorządowy południowoczeski
53%
Kraj Samorządowy hradecki
50%
Kraj Samorządowy liberecki
50%
Kraj Samorządowy ołomuniecki
43%
Kraj Samorządowy południowomorawski
43%
Kraj Samorządowy morawsko-śląski
40%
Kraj Samorządowy pilzneński
37%
Kraj Samorządowy karlowarski
33%
Kraj Samorządowy ustecki
30%
Kraj Samorządowy Wysoczyna
27%
Kraj Samorządowy zliński
27%
Kraj Samorządowy pardubicki
23%
Nie znaleziono quizów pasujących do podanych kryteriów
Rozkład punktacji
Procent ludzi z każdym wynikiem
Percentyl według liczby udzielonych odpowiedzi
Twoja historia wyników
Nie rozwiązałeś tego quizu